[Event "Hand by hand (mano a mano)"]
[Site "SchemingMind.com"]
[Date "2006.03.07"]
[Round "-"]
[White "dvaldez"]
[Black "PackoJones1000"]
[Result "1/2-1/2"]
[WhiteCountry "CAN"]
[BlackCountry "ESP"]
[WhiteElo "1908"]
[WhiteRD "81"]
[BlackElo "2048"]
[BlackRD "98"]
[GameID "41936"]

1. e4 e5 2. Nf3 Nc6 3. Bb5 a6 4. Ba4 Nf6 5. O-O Be7 6. Re1 b5 7. Bb3 O-O 8. c3 d6 9. h3 Na5 10. Bc2 c5
11. d4 Nd7 12. Nbd2 exd4 13. cxd4 Nc6 14. d5 Nce5 15. Nxe5 Nxe5 16. a4 Rb8 17. axb5 axb5 18. f4 Ng6 19. Nf3 Bh4 20. Nxh4 Qxh4
21. Rf1 Bxh3 22. gxh3 Qg3+=
1/2-1/2

[Event "Hand by hand (mano a mano)"]
[Site "SchemingMind.com"]
[Date "2006.03.07"]
[Round "-"]
[White "PackoJones1000"]
[Black "dvaldez"]
[Result "1/2-1/2"]
[WhiteCountry "ESP"]
[BlackCountry "CAN"]
[WhiteElo "2048"]
[WhiteRD "98"]
[BlackElo "1908"]
[BlackRD "81"]
[GameID "41937"]

1. e4 c5 2. Nf3 Nc6 3. Nc3 d6 4. d4 cxd4 5. Nxd4 e5 6. Nxc6 bxc6 7. Bc4 Nf6 8. Bg5 Be7 9. Qd3 h6 10. Bxf6 Bxf6
11. O-O O-O 12. b4 Bb7 13. Rfd1 Be7 14. Rab1 a6 15. a4 Qc7 16. b5 axb5 17. axb5 cxb5 18. Nxb5 Qd7 19. Nc3 Ra3 20. Rb3 Rfa8=
21. Qf3 Bf6 22. Nd5 Bxd5 23. Bxd5 Rxb3 24. Qxb3 Rc8 25. c4 Qc7 26. Qf3 Rb8 27. Qf5 Qa7 28. g3 Qa4 29. Re1 Qa5 30. Re3 Qa4
31. Kg2 Rd8 32. Rf3 Qd7 33. Qg6 Kf8 34. Qh7 Ke7 35. Rb3 Rc8 36. h4 Rc7 37. Rb8 Rc8 38. Rb1 Rc7 39. h5 Qc8 40. Ra1 Qd7
41. Ra3 Rc8=
1/2-1/2

[Event "Hand by hand (mano a mano)"]
[Site "SchemingMind.com"]
[Date "2006.03.11"]
[Round "-"]
[White "MatdeInverses"]
[Black "dvaldez"]
[Result "1/2-1/2"]
[WhiteCountry "USA"]
[BlackCountry "CAN"]
[WhiteElo "1882"]
[WhiteRD "79"]
[BlackElo "1908"]
[BlackRD "81"]
[GameID "42341"]

1. c4 Nf6 2. g3 c5 3. Bg2 g6 4. Nc3 Bg7 5. Nf3 O-O 6. O-O Nc6 7. d3 d6 8. Bg5 h6 9. Bd2 Bg4 10. Qc1 Kh7
11. Rb1 Nd7 12. a3 Nd4 13. b4 Bxf3 14. exf3 Ne5 15. bxc5 Nxd3 16. Qd1 Nxc5 17. Be3 Nc6 18. Bxc5 dxc5 19. Ne4 b6 20. f4 Rc8
21. Qa4 Qc7 22. Rbd1 Nd4 23. Nc3 Qb8 24. Nd5 Rfe8 25. Rfe1 e6 26. Ne3 Red8 27. Ng4 Qc7 28. Ne5 Rd6 29. Nf3 Rcd8 30. Nxd4 Bxd4
31. Bf3 h5 32. Kg2 Kg7 33. Qb3 R6d7 34. a4 h4 35. h3 Rh8 36. Rd3 Qd8 37. Red1 Qf6 38. Qc2 g5 39. fxg5 Qxg5 40. Qd2 Qg6
41. Qf4 e5 42. Qg4 f5 43. Qxg6+ Kxg6 44. g4 fxg4=
1/2-1/2

[Event "Hand by hand (mano a mano)"]
[Site "SchemingMind.com"]
[Date "2006.03.11"]
[Round "-"]
[White "MatdeInverses"]
[Black "PackoJones1000"]
[Result "1/2-1/2"]
[WhiteCountry "USA"]
[BlackCountry "ESP"]
[WhiteElo "1882"]
[WhiteRD "79"]
[BlackElo "2048"]
[BlackRD "98"]
[GameID "42342"]

1. c4 e6 2. g3 Nf6 3. Bg2 d5 4. Nf3 dxc4 5. Qa4+ Nbd7 6. Qxc4 c5 7. Qb3 Be7 8. O-O O-O 9. Nc3 Rb8 10. d4 cxd4
11. Nxd4 Nc5 12. Qd1 e5 13. Nf3 e4 14. Ng5 Bf5 15. Be3 Rc8 16. Rc1 Re8 17. b4 Ne6 18. Ngxe4 Nxe4 19. Bxe4 Bxe4 20. Nxe4 Rxc1
21. Qxc1 Bxb4 22. Qc4 a5 23. Qb5 Re7 24. Rc1 h6 25. Bb6 Nc7 26. Qc4 Qe8 27. f3 Ne6 28. Qc8 Kf8 29. Qxe8+ Kxe8 30. g4 Rd7
31. Rc8+ Ke7 32. Kf2 g6 33. Ra8 f5 34. gxf5 gxf5 35. Ng3 Rd5 36. Rh8 Rb5 37. Rh7+ Kf8 38. Ba7 f4 39. Ne4 Rh5=
1/2-1/2

[Event "Hand by hand (mano a mano)"]
[Site "SchemingMind.com"]
[Date "2006.03.12"]
[Round "-"]
[White "dvaldez"]
[Black "MatdeInverses"]
[Result "1-0"]
[WhiteCountry "CAN"]
[BlackCountry "USA"]
[WhiteElo "1908"]
[WhiteRD "81"]
[BlackElo "1882"]
[BlackRD "79"]
[GameID "42343"]

1. e4 c5 2. Nf3 Nf6 3. e5 Nd5 4. c3 Nc6 5. d4 cxd4 6. cxd4 d6 7. Nc3 Nxc3 8. bxc3 dxe5 9. d5 e4 10. Ng5 Nb8
11. Qa4+ Bd7 12. Qxe4 h6 13. Nf3 e6 14. Bc4 Qe7 15. O-O exd5 16. Qxd5 Be6 17. Bb5+ Nd7 18. Qxb7 Rd8 19. Ne5 Qd6 20. Nc6 Bd5
21. Re1+ Be7 22. Bf4 Bxc6 23. Bxd6 Bxb7 24. Rxe7+
1-0

[Event "Hand by hand (mano a mano)"]
[Site "SchemingMind.com"]
[Date "2006.03.11"]
[Round "-"]
[White "PackoJones1000"]
[Black "MatdeInverses"]
[Result "1/2-1/2"]
[WhiteCountry "ESP"]
[BlackCountry "USA"]
[WhiteElo "2048"]
[WhiteRD "98"]
[BlackElo "1882"]
[BlackRD "79"]
[GameID "42344"]

1. e4 c5 2. Nc3 Nc6 3. Nf3 Nf6 4. d4 cxd4 5. Nxd4 d6 6. Bg5 Bd7 7. Qd2 Rc8 8. O-O-O a6 9. f4 b5 10. Bxf6 gxf6
11. Kb1 Qb6 12. Nf5 Qc5 13. Nd5 Kd8 14. Qe1 e6 15. Qh4 exf5 16. Qxf6+ Ne7 17. Bd3 Rg8 18. Qxf7 Be8 19. Qf6 Bg6 20. b4 Qc6
21. e5 Kd7 22. exd6 Nxd5 23. Bxf5+ Bxf5 24. Qxf5+ Kd8 25. Rxd5 Qc3 26. a3 Rc4 27. Rhd1 h6 28. Re5 Bg7 29. d7 Bxe5= 30. fxe5 Rxb4+=
1/2-1/2

[Event "Hand by hand (mano a mano)"]
[Site "SchemingMind.com"]
[Date "2006.03.11"]
[Round "-"]
[White "griffimv"]
[Black "dvaldez"]
[Result "1-0"]
[WhiteCountry "INT"]
[BlackCountry "CAN"]
[WhiteElo "2145"]
[WhiteRD "73"]
[BlackElo "1846"]
[BlackRD "84"]
[GameID "42356"]

1. e4 c5 2. Nf3 Nc6 3. Bb5 g6 4. O-O Bg7 5. c3 Nf6 6. Re1 O-O 7. d4 d5 8. e5 Ne4 9. Bxc6 bxc6 10. Nbd2 cxd4
11. cxd4 c5 12. dxc5 Nxc5 13. Nb3 Nxb3 14. Qxb3 Re8 15. Bg5 h6 16. Be3 Bg4 17. Bd4 e6 18. Rac1 Qd7 19. Nd2 Rec8 20. f3 Bf5
21. g4 Rab8 22. Rxc8+ Qxc8 23. Qe3 Bc2 24. Rc1 Rb7 25. Nb1 Rc7 26. Nc3 Ba4 27. Bxa7 Qa6 28. Bc5 Bb5 29. b4 Bc4 30. a4 Qc8
31. Nb5 Bxb5 32. axb5
1-0

[Event "Hand by hand (mano a mano)"]
[Site "SchemingMind.com"]
[Date "2006.03.11"]
[Round "-"]
[White "griffimv"]
[Black "PackoJones1000"]
[Result "1/2-1/2"]
[WhiteCountry "INT"]
[BlackCountry "ESP"]
[WhiteElo "2064"]
[WhiteRD "87"]
[BlackElo "2139"]
[BlackRD "71"]
[GameID "42357"]

1. e4 e5 2. Nf3 Nc6 3. Bb5 Nf6 4. O-O Bc5 5. c3 O-O 6. d4 Bb6 7. Re1 d6 8. a4 a5 9. Bg5 h6 10. Bh4 exd4
11. Bxc6 bxc6 12. Nxd4 Re8 13. Nd2 c5 14. Nb5 Rb8 15. f4 c6 16. Nxd6 c4+ 17. Kh1 Qxd6 18. e5 Qd3 19. exf6 Be6 20. fxg7 Bd5
21. Rxe8+ Rxe8 22. Nf3 Re2 23. Qxd3 cxd3 24. Rd1 d2 25. Rxd2 Bxf3 26. Rxe2 Bxe2 27. Bf6 Bd1 28. f5 Bxa4 29. g4 Be3 30. Kg2 Bd1
31. Kg3 c5 32. c4 Be2 33. h4 h5 34. gxh5 Bxc4 35. Kf3 Bh6 36. Bc3 Bxg7 37. f6 Bh8 38. Kf4 a4 39. Kg5 Kh7 40. h6 Bd3
41. Be5= Kg8 42. Bd6 c4 43. Be7 Bc2=
1/2-1/2

[Event "Hand by hand (mano a mano)"]
[Site "SchemingMind.com"]
[Date "2006.03.11"]
[Round "-"]
[White "griffimv"]
[Black "MatdeInverses"]
[Result "1/2-1/2"]
[WhiteCountry "INT"]
[BlackCountry "USA"]
[WhiteElo "2064"]
[WhiteRD "87"]
[BlackElo "1898"]
[BlackRD "52"]
[GameID "42358"]

1. e4 c5 2. Nf3 Nf6 3. e5 Nd5 4. Nc3 e6 5. Nxd5 exd5 6. d4 Nc6 7. dxc5 Bxc5 8. Qxd5 Qb6 9. Bc4 Bxf2+ 10. Ke2 O-O
11. Rf1 Bc5 12. Ng5 Nd4+ 13. Kd1 Ne6 14. Ne4 d6 15. exd6 Rd8 16. Qh5 Bxd6 17. Bd3 f5 18. Rxf5 Qg1+ 19. Rf1 Qxh2 20. Qf7+ Kh8
21. Nxd6 Qxd6 22. Bh6 Qe5 23. Kc1 Bd7 24. Rh1 Ng5 25. Bxg5 Qxg5+ 26. Kb1 h6 27. g3 Bc6 28. Rf1 Bg2 29. Rc1 Rf8 30. Qg6 Qxg6=
31. Bxg6 Rf6 32. Rg1 Rxg6 33. Rxg2 Rf8 34. a4 Rf3 35. Ra3 Rxa3= 36. bxa3 Ra6 37. Re2=
1/2-1/2

[Event "Hand by hand (mano a mano)"]
[Site "SchemingMind.com"]
[Date "2006.03.12"]
[Round "-"]
[White "dvaldez"]
[Black "griffimv"]
[Result "0-1"]
[WhiteCountry "CAN"]
[BlackCountry "INT"]
[WhiteElo "1846"]
[WhiteRD "84"]
[BlackElo "2145"]
[BlackRD "73"]
[GameID "42359"]

1. e4 c5 2. Nf3 d6 3. Bb5+ Bd7 4. Bxd7+ Nxd7 5. O-O Ngf6 6. Qe2 e6 7. b3 Be7 8. Bb2 O-O 9. c4 a6 10. d4 cxd4
11. Nxd4 Qb6 12. Rd1 Rac8 13. Nd2 Rfe8 14. h3 Qa5 15. a3 Qg5 16. N2f3 Qg6 17. e5 dxe5 18. Nxe5 Nxe5 19. Qxe5 Ne4 20. Re1 Nc5
21. Re3 Bf6 22. Qg3 Qxg3 23. Rxg3 Red8 24. Rg4 h5 25. Rf4 Bxd4 26. Rxd4 Rxd4
0-1

[Event "Hand by hand (mano a mano)"]
[Site "SchemingMind.com"]
[Date "2006.03.12"]
[Round "-"]
[White "PackoJones1000"]
[Black "griffimv"]
[Result "0-1"]
[WhiteCountry "ESP"]
[BlackCountry "INT"]
[WhiteElo "2142"]
[WhiteRD "68"]
[BlackElo "2070"]
[BlackRD "81"]
[GameID "42360"]

1. e4 c5 2. Nf3 d6 3. d4 cxd4 4. Nxd4 Nf6 5. Nc3 a6 6. Be2 e5 7. Nb3 Be7 8. O-O O-O 9. Be3 Be6 10. f4 Qc7
11. a4 Nbd7 12. Kh1 exf4 13. Rxf4 Ne5 14. a5 Rac8 15. Nd4 Rfe8 16. Nf5 Bf8 17. Bb6 Qb8 18. Ne3 Nfd7 19. Ned5 Be7 20. Nxe7+ Rxe7
21. Be3 Rce8 22. Kg1 Qc7 23. Qd2 Nc4 24. Bxc4 Bxc4 25. Rd1 Re6 26. b3 Bb5 27. Nd5 Qd8 28. c4 Bc6 29. Rdf1 f6 30. Bf2 Rxe4
31. Rxe4 Rxe4 32. Bg3 Re6 33. Bf4 Kh8 34. Rf3 Nc5 35. b4 Nd7 36. Rd3 Ne5 37. Bxe5 fxe5 38. Rf3 Re8 39. Rf7 Kg8 40. Rf2 Rf8
41. Rxf8+ Kxf8 42. Nc3 Qc7 43. Qd3 Be8 44. Nd5 Qc6 45. Nb6= Bf7 46. h3 Kg8 47. Kf2 h6 48. Kg1 e4 49. Qd4 e3 50. Kf1 e2+
51. Kf2 e1=Q+ 52. Kxe1 Qxg2 53. Qxd6 Qxh3 54. Qb8+ Kh7 55. Qf4 Qc3+ 56. Kf2 Qc2+ 57. Ke1 Bg6 58. Qd2 Qe4+ 59. Kf2 h5 60. Qe3 Qf5+
61. Qf3 h4 62. Qxf5 Bxf5 63. b5 axb5 64. cxb5 Bd3
0-1

[Event "Hand by hand (mano a mano)"]
[Site "SchemingMind.com"]
[Date "2006.03.11"]
[Round "-"]
[White "MatdeInverses"]
[Black "griffimv"]
[Result "0-1"]
[WhiteCountry "USA"]
[BlackCountry "INT"]
[WhiteElo "1898"]
[WhiteRD "52"]
[BlackElo "2064"]
[BlackRD "87"]
[GameID "42361"]

1. c4 g6 2. g3 Bg7 3. Bg2 Nf6 4. Nc3 c5 5. Nf3 Nc6 6. O-O O-O 7. d3 d6 8. Bd2 Rb8 9. Qc1 a6 10. Ng5 Bd7
11. Nge4 Nxe4 12. Bxe4 b5 13. Re1 b4 14. Nd1 Nd4 15. e3 Nc6 16. a3 b3 17. Bc3 e5 18. f4 a5 19. Qd2 a4 20. Nf2 exf4
21. gxf4 Ne7 22. Bxg7 Kxg7 23. Qc3+ f6 24. Nh1 Kg8 25. Ng3 f5 26. Bg2 Rf7 27. d4 Bc6 28. d5 Bd7 29. e4 fxe4 30. Nxe4 Nf5
31. Ng5 Rg7 32. Ne4 Nd4 33. Nxd6 Nc2 34. Ne4 Nxa1 35. Rxa1 Rf7 36. Qe3 Bf5 37. Nxc5 Qb6 38. Re1 Rc7 39. Nxa4 Qxe3+ 40. Rxe3 Rxc4
41. Nc3 Rxf4 42. a4 Rd4 43. Re2 Rd3 44. d6 Rxc3 45. Bd5+ Kf8 46. bxc3 b2 47. Ba2 b1=Q+ 48. Bxb1 Rxb1+ 49. Kf2 Rd1 50. Re7 h5
0-1

[Event "Hand by hand (mano a mano)"]
[Site "SchemingMind.com"]
[Date "2006.03.20"]
[Round "-"]
[White "BogusAurelius"]
[Black "dvaldez"]
[Result "1/2-1/2"]
[WhiteCountry "USA"]
[BlackCountry "CAN"]
[WhiteElo "1916"]
[WhiteRD "80"]
[BlackElo "1846"]
[BlackRD "84"]
[GameID "43417"]

1. e4 c5 2. Nf3 Nc6 3. d4 cxd4 4. Nxd4 Nf6 5. Nc3 e5 6. Ndb5 d6 7. Bg5 a6 8. Na3 b5 9. Bxf6 gxf6 10. Nd5 f5
11. Nxb5 axb5 12. Bxb5 Bb7 13. exf5 Bg7 14. f6 Bxf6 15. Qf3 Bg7 16. Nb4 O-O 17. Bxc6 e4 18. Qb3 Bxc6 19. Nxc6 Qc7 20. Nb4 Rab8
21. c3 e3 22. fxe3 Qc5 23. O-O Qxe3+ 24. Kh1 Be5 25. Rf3 Qe2 26. Rb1 Qe4 27. Qd1 d5 28. Nc6 Rb6 29. Nxe5 Qxe5 30. Rg3+ Rg6
31. Qd4 Qf5 32. Qd3 Qf2 33. Rxg6+ hxg6 34. h3 Rb8 35. Rf1 Qxb2 36. Qxd5 Rb7 37. Qc4 Ra7 38. a4 Qa3 39. Rf4 Re7 40. Rf1 Ra7
41. Qb4 Qxa4 42. Qxa4 Rxa4 43. Rc1 Rc4 44. Kg1 Kg7 45. Kf2 Kf6 46. Ke3 Ke5 47. Kd3 Kd5 48. g3 f5 49. Rf1 Ra4 50. Rf4 Ra1
51. h4 Rd1+ 52. Kc2 Rg1 53. Rd4+ Kc5 54. Rd3= Kc4 55. Rd4+ Kc5= 56. Rf4 Rxg3 57. h5=
1/2-1/2

[Event "Hand by hand (mano a mano)"]
[Site "SchemingMind.com"]
[Date "2006.03.20"]
[Round "-"]
[White "BogusAurelius"]
[Black "griffimv"]
[Result "0-1"]
[WhiteCountry "USA"]
[BlackCountry "INT"]
[WhiteElo "1921"]
[WhiteRD "78"]
[BlackElo "2064"]
[BlackRD "87"]
[GameID "43418"]

1. e4 c5 2. Nf3 d6 3. d4 cxd4 4. Nxd4 Nf6 5. Nc3 a6 6. Bg5 e6 7. f4 Qb6 8. Qd2 Qxb2 9. Nb3 Qa3 10. Bd3 Nc6
11. O-O Be7 12. Rae1 h6 13. Bh4 O-O 14. Rf3 Nxe4 15. Rxe4 Bxh4 16. Ra4 Qb2 17. Rf1 b5 18. Bxb5 Nb4 19. Bc6 Nxc6 20. Rb1 Qxb1+
21. Nxb1 Be7 22. Nc3 d5 23. f5 d4 24. Nxd4 Bc5 25. fxe6 Nxd4 26. exf7+ Rxf7 27. Rxd4 Be6 28. Qe3 Bc4
0-1

[Event "Hand by hand (mano a mano)"]
[Site "SchemingMind.com"]
[Date "2006.03.20"]
[Round "-"]
[White "BogusAurelius"]
[Black "PackoJones1000"]
[Result "0-1"]
[WhiteCountry "USA"]
[BlackCountry "ESP"]
[WhiteElo "1942"]
[WhiteRD "101"]
[BlackElo "2048"]
[BlackRD "98"]
[GameID "43419"]

1. e4 e5 2. Nf3 Nc6 3. Bb5 a6 4. Ba4 Nf6 5. O-O Be7 6. Re1 b5 7. Bb3 O-O 8. c3 d5 9. exd5 Nxd5 10. Nxe5 Nxe5
11. Rxe5 c6 12. Bxd5 cxd5 13. d4 Bd6 14. Re3 Qh4 15. h3 Qf4 16. Re5 Qf6 17. Re1 Qg6 18. Qf3 Be6 19. Be3 Qc2 20. Qe2 Qg6
21. Qf3 Rac8 22. Nd2 b4 23. cxb4 Bxb4 24. a3 Bd6 25. Rac1 Qd3 26. Nb1 Rxc1 27. Rxc1 Rb8 28. Nc3 Rxb2 29. Nxd5 Rb1 30. Nf4 Qc2
31. Qa8+ Bc8 32. Rxb1 Qxb1+ 33. Kh2 Qb7 34. Qxb7 Bxb7 35. Kg1 Bxa3 36. Bd2 Bb2 37. Ne2 Bd5 38. Bb4 f6 39. f3 Bc4 40. Nc3 Kf7
41. Kf2 Ke6 42. g3 g5 43. h4 gxh4 44. gxh4 f5 45. f4 Bc1 46. Kf3 h5 47. Kg3 Be3 48. Bc5 Bd2 49. Bb4 Be1+
0-1

[Event "Hand by hand (mano a mano)"]
[Site "SchemingMind.com"]
[Date "2006.03.20"]
[Round "-"]
[White "BogusAurelius"]
[Black "MatdeInverses"]
[Result "0-1"]
[WhiteCountry "USA"]
[BlackCountry "USA"]
[WhiteElo "1942"]
[WhiteRD "101"]
[BlackElo "1882"]
[BlackRD "79"]
[GameID "43420"]

1. e4 c5 2. Nf3 Nc6 3. d4 cxd4 4. Nxd4 Nf6 5. Nc3 d6 6. Be2 e5 7. Nb3 Be7 8. O-O a5 9. a4 O-O 10. f4 Nb4
11. Bf3 Be6 12. Re1 Nxc2 13. Qxc2 Qb6+ 14. Nd4 Qxd4+ 15. Be3 Qb4 16. Nd5 Bxd5 17. exd5 e4 18. Bd2 Qd4+
0-1

[Event "Hand by hand (mano a mano)"]
[Site "SchemingMind.com"]
[Date "2006.03.20"]
[Round "-"]
[White "dvaldez"]
[Black "BogusAurelius"]
[Result "0-1"]
[WhiteCountry "CAN"]
[BlackCountry "USA"]
[WhiteElo "1899"]
[WhiteRD "83"]
[BlackElo "1921"]
[BlackRD "78"]
[GameID "43421"]

1. e4 c5 2. Nf3 d6 3. Bb5+ Bd7 4. Bxd7+ Qxd7 5. c4 g6 6. d4 cxd4 7. Nxd4 Nc6 8. Be3 Bg7 9. Nc3 Nf6 10. f3 O-O
11. Qd2 Rac8 12. b3 Rfd8 13. Rd1 Nxd4 14. Bxd4 b6 15. O-O Qb7 16. Kh1 a6 17. a4 e6 18. Qe3 Rb8 19. e5 Nd7 20. exd6 e5
21. Bxb6 Qxb6 22. Qxb6 Rxb6 23. Nd5 Rxb3 24. Ne7+ Kf8 25. Rb1 Rdb8 26. Rxb3 Rxb3 27. c5 Nxc5 28. Rc1 Ke8 29. h3 Kd7
0-1

[Event "Hand by hand (mano a mano)"]
[Site "SchemingMind.com"]
[Date "2006.03.20"]
[Round "-"]
[White "griffimv"]
[Black "BogusAurelius"]
[Result "1-0"]
[WhiteCountry "INT"]
[BlackCountry "USA"]
[WhiteElo "2064"]
[WhiteRD "87"]
[BlackElo "1921"]
[BlackRD "78"]
[GameID "43422"]

1. e4 c5 2. Nf3 d6 3. d4 cxd4 4. Nxd4 Nf6 5. Nc3 e6 6. g4 h6 7. h4 Be7 8. Qf3 Nc6 9. Bb5 Bd7 10. Bxc6 bxc6
11. g5 hxg5 12. hxg5 Rxh1+ 13. Qxh1 Ng8 14. Qh7 Kf8 15. f4 e5 16. Nde2 exf4 17. Bxf4 Bg4 18. g6 Bh4+ 19. Kd2 Be6 20. Rg1 Bf6
21. Kc1 fxg6 22. Qh2 Be7 23. Nd4 Qd7 24. Rxg6 Bf7 25. Rg1 g6 26. Qh7 d5 27. e5 Bc5 28. Rxg6 Qe8 29. Qg7+ Ke7 30. Nxc6+
1-0

[Event "Hand by hand (mano a mano)"]
[Site "SchemingMind.com"]
[Date "2006.03.20"]
[Round "-"]
[White "PackoJones1000"]
[Black "BogusAurelius"]
[Result "0-1"]
[WhiteCountry "ESP"]
[BlackCountry "USA"]
[WhiteElo "2139"]
[WhiteRD "71"]
[BlackElo "1921"]
[BlackRD "78"]
[GameID "43423"]

1. e4 c5 2. Nf3 d6 3. d4 cxd4 4. Nxd4 Nf6 5. Nc3 e6 6. Bc4 Nc6 7. Be3 a6 8. Qe2 Qc7 9. O-O-O Be7 10. Bb3 O-O
11. g4 Nd7 12. Rhg1 Nc5 13. g5 b5 14. Nxc6 Nxb3+ 15. axb3 Qxc6 16. Qh5 g6 17. Qh6 Re8 18. Bd4 Bf8 19. Qh4 e5 20. Nd5 Re6
21. Nf6+ Rxf6 22. gxf6 exd4 23. Rxd4 Be6 24. Kb1 Rc8 25. c3 d5 26. exd5 Bxd5 27. b4 Be6 28. Qf4 h6 29. h4 Kh7 30. Kc1 h5
31. Qe4 Qb6 32. f4 Bf5 33. Qd5 Qxf6 34. Rg5 Qe6 35. Qxe6 Bxe6 36. Rg2 Be7 37. Rh2 Kg7 38. Kd2 Rc6 39. Ke3 Bf6 40. Rdd2 Kf8
41. Kf2 Be7 42. Rh1 Bd6 43. Rd4 Bc7 44. Kg3 f6 45. Kg2 Bb6 46. Rdd1 Bg4 47. Rd2 Re6 48. Ra1 Bc7 49. Rd4 Ke7 50. c4 bxc4
51. Rxc4 Bb8 52. Rd4 Be2 53. Rc1 Bb5 54. Rc8 Bd6 55. b3 f5 56. Kf2 Kf6 57. Rc3= Re2+ 58. Kf3 Ke6 59. Re3+ Rxe3+ 60. Kxe3 Be7
0-1

[Event "Hand by hand (mano a mano)"]
[Site "SchemingMind.com"]
[Date "2006.03.20"]
[Round "-"]
[White "MatdeInverses"]
[Black "BogusAurelius"]
[Result "0-1"]
[WhiteCountry "USA"]
[BlackCountry "USA"]
[WhiteElo "1898"]
[WhiteRD "52"]
[BlackElo "1921"]
[BlackRD "78"]
[GameID "43424"]

1. c4 Nf6 2. g3 g6 3. Bg2 Bg7 4. Nc3 O-O 5. Nf3 d6 6. O-O e5 7. d3 Nc6 8. Bd2 Nd4 9. e3 Nxf3+ 10. Bxf3 Bf5
11. Qe2 Qd7 12. Bg2 c6 13. f4 exf4 14. gxf4 d5 15. cxd5 cxd5 16. e4 Rfe8 17. e5 d4 18. Ne4 Nxe4 19. dxe4 Be6 20. Qd3 Rac8
21. b3 Bg4 22. Rac1 g5 23. Rxc8 Rxc8 24. h3 Bh5 25. fxg5 Bxe5 26. a4 Bg6 27. a5 Qd6 28. b4 Rc7 29. b5 Qe6 30. Rc1 Rxc1+
31. Bxc1 Qa2 32. Bd2 b6 33. a6 Bh5 34. Bf1 Bd1 35. Kf2 Bc2 36. Qc4 Bb3 37. Qd3 Bf4
0-1

[Event "Hand by hand (mano a mano)"]
[Site "SchemingMind.com"]
[Date "2006.03.22"]
[Round "-"]
[White "Magnanimous"]
[Black "dvaldez"]
[Result "0-1"]
[WhiteCountry "CAN"]
[BlackCountry "CAN"]
[WhiteElo "1417"]
[WhiteRD "90"]
[BlackElo "1899"]
[BlackRD "83"]
[GameID "43549"]

1. d4 Nf6 2. c4 c5 3. d5 e6 4. dxe6 fxe6 5. Nc3 d5 6. cxd5 exd5 7. e4 dxe4 8. Qxd8+ Kxd8 9. Bg5 Bf5 10. O-O-O+ Nd7
11. Bb5 Kc7 12. Bc4 a6 13. Nge2 Bd6 14. Nf4 Nb6 15. Ne6+ Kc6 16. b4 Nxc4 17. bxc5 Bxe6 18. cxd6 Nxd6 19. Rd2 h6 20. Bf4 Nc4
21. Rd4 Rhd8 22. Rhd1 Rxd4 23. Rxd4 g5 24. Bg3 Kc5 25. Ne2 Bg4 26. f3 exf3 27. gxf3 Bxf3 28. Kc2 Bxe2 29. Bf2 Kc6 30. h4 Re8
31. hxg5 hxg5 32. Kc3 b5 33. a4 Ne4+ 34. Kb4 a5+ 35. Kb3 bxa4+ 36. Kxa4 Nc5#
0-1

[Event "Hand by hand (mano a mano)"]
[Site "SchemingMind.com"]
[Date "2006.03.22"]
[Round "-"]
[White "Magnanimous"]
[Black "griffimv"]
[Result "0-1"]
[WhiteCountry "CAN"]
[BlackCountry "INT"]
[WhiteElo "1417"]
[WhiteRD "90"]
[BlackElo "2064"]
[BlackRD "87"]
[GameID "43550"]

1. d4 Nf6 2. c4 g6 3. Nc3 Bg7 4. e3 c5 5. Nge2 O-O 6. g3 cxd4 7. Nxd4 d5 8. b3 dxc4 9. Bxc4 Nc6 10. Bb2 Nxd4
11. exd4 Bh3 12. Qf3 Qxd4 13. Na4 Qd6 14. Qxb7 Rad8 15. f4 Qd2#
0-1

[Event "Hand by hand (mano a mano)"]
[Site "SchemingMind.com"]
[Date "2006.03.22"]
[Round "-"]
[White "Magnanimous"]
[Black "PackoJones1000"]
[Result "0-1"]
[WhiteCountry "CAN"]
[BlackCountry "ESP"]
[WhiteElo "1394"]
[WhiteRD "91"]
[BlackElo "2048"]
[BlackRD "98"]
[GameID "43551"]

1. d4 Nf6 2. c4 e6 3. Nf3 d5 4. Nc3 c6 5. Bd2 Bd6 6. c5 Bc7 7. e3 Nbd7 8. Bd3 O-O 9. O-O e5 10. Re1 e4
11. Bc2 exf3 12. Qxf3 Nxc5 13. Bf5 Nd3 14. Reb1 Re8 15. a4 Qd6 16. g3 Bxf5 17. Qxf5 Ne4 18. Nxe4 dxe4 19. b4 Rad8 20. Rb3 Qh6
21. Rf1 Rd5 22. Qg4 Rh5 23. Qd7 Kf8 24. h4 Bd8 25. Qxb7 Bxh4 26. Kg2 Be7
0-1

[Event "Hand by hand (mano a mano)"]
[Site "SchemingMind.com"]
[Date "2006.03.22"]
[Round "-"]
[White "Magnanimous"]
[Black "BogusAurelius"]
[Result "0-1"]
[WhiteCountry "CAN"]
[BlackCountry "USA"]
[WhiteElo "1394"]
[WhiteRD "91"]
[BlackElo "1942"]
[BlackRD "101"]
[GameID "43552"]

1. d4 Nf6 2. c4 e6 3. Nf3 b6 4. g3 Ba6 5. b3 Bb4+ 6. Bd2 Be7 7. Bg2 Bb7 8. Nc3 d5 9. e3 O-O 10. cxd5 exd5
11. O-O c5 12. dxc5 bxc5 13. Rc1 Nbd7 14. Re1 Ne4 15. Nxe4 dxe4 16. Nh4 Bxh4 17. gxh4 Ne5 18. Rxc5 Nd3 19. Rc4 Nxe1 20. Qxe1 Qxh4
21. Bb4 Rfe8 22. Rc7 Ba6 23. Qc1 Rad8 24. f3 exf3 25. Bxf3 Qxb4 26. Bc6 Qg4+ 27. Kf2 Qe2+ 28. Kg3 Rxe3+ 29. Kf4 Rd4+ 30. Kf5 Qh5#
0-1

[Event "Hand by hand (mano a mano)"]
[Site "SchemingMind.com"]
[Date "2006.03.22"]
[Round "-"]
[White "Magnanimous"]
[Black "MatdeInverses"]
[Result "0-1"]
[WhiteCountry "CAN"]
[BlackCountry "USA"]
[WhiteElo "1394"]
[WhiteRD "91"]
[BlackElo "1882"]
[BlackRD "79"]
[GameID "43553"]

1. d4 c5 2. dxc5 e6 3. b4 a5 4. c3 axb4 5. Be3 bxc3 6. Nxc3 Nf6 7. Bd4 Qa5 8. Rb1 Bxc5 9. Bxf6 gxf6 10. Qc2 Bb4
11. Kd2 Bxc3+ 12. Qxc3 Qxc3+ 13. Kxc3 Rxa2 14. Nf3 Nc6 15. Kb3 Ra8 16. e4 Rg8 17. g3 Rg4 18. Bd3 Ke7 19. Ra1 Rxa1 20. Rxa1 d6
21. Ra8 Kd7 22. h3 Rg8 23. Kb2 Rd8 24. Bc4 Kc7 25. g4 Bd7 26. Ra3 Ne5 27. Nxe5 fxe5 28. Bd3 h6 29. Rc3+ Bc6 30. Kb3 d5
31. Rc1 d4 32. Rb1 Ra8 33. Rb2 Ra1 34. h4 Rh1 35. h5 Rh3 36. f3 Rxf3 37. Kc2 Rf2+ 38. Kc1 Rxb2 39. Kxb2 f6 40. Ka3 b5
41. Bc2 Kb6 42. Kb4 Bd5 43. exd5 exd5 44. Bd3 e4 45. Bxb5 d3 46. Bxd3 exd3 47. Kc3 Kc5 48. Kxd3 Kd6 49. Kd2 Ke5 50. Kd3 Kf4
51. Kd4 Kxg4
0-1

[Event "Hand by hand (mano a mano)"]
[Site "SchemingMind.com"]
[Date "2006.03.22"]
[Round "-"]
[White "dvaldez"]
[Black "Magnanimous"]
[Result "1-0"]
[WhiteCountry "CAN"]
[BlackCountry "CAN"]
[WhiteElo "1899"]
[WhiteRD "83"]
[BlackElo "1417"]
[BlackRD "90"]
[GameID "43554"]

1. e4 c5 2. Nf3 d6 3. d4 cxd4 4. Nxd4 Nf6 5. Nc3 g6 6. Be3 Bg7 7. f3 O-O 8. Qd2 Nbd7 9. Bc4 Re8 10. O-O-O Ne5
11. Bb3 Nc6 12. h4 e5 13. Ndb5 Be6 14. Nxd6 Qc7 15. Bxe6 Rxe6 16. Ncb5 Qe7 17. Nc4 Rd8 18. Qf2 a6 19. Bc5 Qe8 20. Nc7 Nxe4
21. fxe4 Bh6+ 22. Kb1 Rxd1+ 23. Rxd1 Qc8 24. Nxe6 Qxe6 25. Nd6 Nd4 26. c3 Nc6 27. Nxb7 Qg4 28. Rf1 Qxe4+ 29. Ka1 f5 30. Qf3 Qa4
31. Qd5+ Kh8 32. b3 Qb5 33. Rd1 Qxb7 34. Bd6 Qa8 35. Bxe5+ Bg7 36. Qxc6
1-0

[Event "Hand by hand (mano a mano)"]
[Site "SchemingMind.com"]
[Date "2006.03.23"]
[Round "-"]
[White "griffimv"]
[Black "Magnanimous"]
[Result "1-0"]
[WhiteCountry "INT"]
[BlackCountry "CAN"]
[WhiteElo "2064"]
[WhiteRD "87"]
[BlackElo "1417"]
[BlackRD "90"]
[GameID "43555"]

1. e4 c5 2. Nf3 d6 3. d4 cxd4 4. Nxd4 Nf6 5. Nc3 g6 6. Be3 Bg7 7. f3 O-O 8. Qd2 Re8 9. O-O-O Nc6 10. g4 Qc7
11. h4 h5 12. Nd5 Nxd5 13. exd5 Nxd4 14. Bxd4 hxg4 15. Bxg7 Kxg7 16. h5 gxf3 17. hxg6 fxg6 18. Qd4+ Kf7 19. Rh7+
1-0